[Event "Satka Autumn 2019"]
[Site "Satka"]
[Date "2019.09.22"]
[Round "4.12"]
[White "Shamsutdinova, Karina"]
[Black "Mukhina, Jana"]
[Result "1/2-1/2"]
[WhiteElo "1747"]
[BlackElo "2083"]
[Annotator "NA"]
[PlyCount "114"]
[EventDate "2019.09.19"]
[EventType "swiss"]
[EventCountry "RUS"]
[SourceTitle "playchess.com"]
[Source "ChessBase"]
[SourceQuality "1"]
[TimeControl "5400+30"]

1. d4 {[%emt 0:00:00]} Nf6 {[%emt 0:03:47]} 2. Nf3 {[%emt 0:00:00]} g6 {[%emt 0:00:11]} 3. Bf4 {[%emt 0:01:30]} Bg7 {[%emt 0:00:07]} 4. e3 {[%emt 0:00:35]} d6 {[%emt 0:00:17]} 5. Be2 {[%emt 0:00:54]} Nh5 {[%emt 0:02:33]} 6. Bg5 {[%emt 0:02:46]} h6 {[%emt 0:00:11]} 7. Bh4 {[%emt 0:00:10]} c5 {[%emt 0:05:19]} 8. Nc3 {[%emt 0:07:53]} g5 {[%emt 0:04:21]} 9. Ng1 {[%emt 0:08:14]} Nf6 {[%emt 0:01:42]} 10. Bg3 {[%emt 0:00:10]} cxd4 {[%emt 0:02:06]} 11. exd4 {[%emt 0:02:17]} Qb6 {[%emt 0:02:12]} 12. Bb5+ {[%emt 0:06:20]} Bd7 {[%emt 0:01:11]} 13. a4 {[%emt 0:02:56]} Nc6 {[%emt 0:04:27]} 14. Nge2 {[%emt 0:13:12]} a6 {[%emt 0:12:27]} 15. Bxc6 {[%emt 0:05:47]} bxc6 {[%emt 0:00:37]} 16. f3 {[%emt 0:02:28]} Nd5 {[%emt 0:03:03]} 17. Qd3 {[%emt 0:09:19]} Nb4 {[%emt 0:08:03]} 18. Qd2 {[%emt 0:01:59]} Bf5 {[%emt 0:02:02]} 19. a5 {[%emt 0:09:23]} Qb7 {[%emt 0:13:12]} 20. Ne4 {[%emt 0:06:27]} d5 {[%emt 0:03:17]} 21. Bd6 {[%emt 0:05:27]} dxe4 {[%emt 0:00:53]} 22. Bxb4 {[%emt 0:00:29]} exf3 {[%emt 0:03:15]} 23. gxf3 {[%emt 0:00:08]} c5 {[%emt 0:02:55]} 24. Bxc5 {[%emt 0:03:39]} Qxb2 {[%emt 0:00:10]} 25. Rc1 {[%emt 0:01:00]} Qb7 {[%emt 0:04:53]} 26. Kf2 {[%emt 0:01:41]} Bg6 {[%emt 0:01:49]} 27. Rb1 {[%emt 0:02:16]} Qd5 {[%emt 0:00:59]} 28. Rhe1 {[%emt 0:01:07]} O-O {[%emt 0:00:18]} 29. Rbc1 {[%emt 0:04:12]} Bh5 {[%emt 0:03:26]} 30. Qe3 {[%emt 0:00:20]} Rfe8 {[%emt 0:00:27]} 31. c4 {[%emt 0:00:28]} Qf5 {[%emt 0:00:46]} 32. Ng3 {[%emt 0:00:24]} Qh3 {[%emt 0:00:00]} 33. Kg1 {[%emt 0:00:10]} e5 {[%emt 0:00:46]} 34. d5 {[%emt 0:00:19]} f5 {[%emt 0:01:27]} 35. Qf2 {[%emt 0:01:35]} g4 {[%emt 0:07:23]} 36. Nxf5 {[%emt 0:01:07]} gxf3 {[%emt 0:03:30]} 37. Nxg7 {[%emt 0:00:12]} Kxg7 {[%emt 0:00:23]} 38. Qg3+ {[%emt 0:00:14]} Qg4 {[%emt 0:01:07]} 39. Qxg4+ {[%emt 0:01:00]} Bxg4 {[%emt 0:00:01]} 40. Kf2 {[%emt 0:00:00]} Kf6 {[%emt 0:00:00]} 41. Bb6 {[%emt 0:00:00]} e4 {[%emt 0:00:00]} 42. c5 {[%emt 0:00:00]} e3+ {[%emt 0:00:00]} 43. Rxe3 {[%emt 0:00:00]} Rxe3 {[%emt 0:00:00]} 44. Kxe3 {[%emt 0:00:00]} Ke5 {[%emt 0:00:00]} 45. Rc4 {[%emt 0:00:00]} Rf8 {[%emt 0:00:00]} 46. Kf2 {[%emt 0:00:00]} h5 {[%emt 0:00:00]} 47. d6 Kd5 {[%emt 0:00:00]} 48. Rc1 {[%emt 0:00:00]} Kc6 {[%emt 0:00:00]} 49. Re1 {[%emt 0:00:00]} Bd7 {[%emt 0:00:00]} 50. Re7 {[%emt 0:00:00]} Rf4 {[%emt 0:00:00]} 51. Rh7 {[%emt 0:02:16]} Rh4 {[%emt 0:00:00]} 52. Kxf3 {[%emt 0:00:29]} Rxh2 {[%emt 0:00:10]} 53. Bd8 {[%emt 0:01:10]} Rc2 {[%emt 0:02:37]} 54. Rxh5 {[%emt 0:00:35]} Rxc5 {[%emt 0:00:31]} 55. Rxc5+ {[%emt 0:00:21]} Kxc5 {[%emt 0:00:02]} 56. Bc7 {[%emt 0:00:12]} Kc6 {[%emt 0:00:18]} 57. Ke4 {[%emt 0:00:15]} Bh3 {[%emt 0:00:08]} 1/2-1/2

[Event "Satka Autumn 2019"]
[Site "Satka"]
[Date "2019.09.23"]
[Round "5.1"]
[White "Guseva, Marina"]
[Black "Bykova, Anastasia"]
[Result "1-0"]
[WhiteElo "2374"]
[BlackElo "2259"]
[Annotator "TA"]
[PlyCount "109"]
[EventDate "2019.09.19"]
[EventType "swiss"]
[EventCountry "RUS"]
[SourceTitle "playchess.com"]
[Source "ChessBase"]
[SourceQuality "1"]

{[%evp 14,109,32,26,15,10,37,20,47,31,49,23,19,20,47,56,45,42,51,39,77,69,85,42,89,85,64,56,105,106,122,122,125,113,170,146,138,135,131,112,146,123,125,120,126,110,130,133,120,126,191,195,202,195,221,220,224,233,209,181,262,263,345,318,327,318,261,150,153,156,107,92,95,12,11,12,135,142,135,135,129,62,924,923,1216,1156,5397,3636,29974,2184,29975,6825,29975,29975,29973,29976,29975,29975]} 1. d4 d5 2. c4 c6 3. Nf3 Nf6 4. e3 Bf5 5. Nc3 e6 6. Nh4 Bg6 7. Nxg6 hxg6 8. Bd3 dxc4 {D12: Slav Defence: 3 Nf3 Nf6 4 e3 Bf5} (8... c5 9. Qb3 Qd7 10. cxd5 exd5 11. dxc5 Nc6 12. Bd2 Bxc5 13. Rc1 Rd8 14. Na4 Bd6 15. Nc5 Bxc5 16. Rxc5 {0-1 (34) Wojtaszek,R (2745)-Topalov,V (2741) Shamkir 2017}) 9. Bxc4 a6 10. Be2 c5 {The position is equal.} 11. Bf3 (11. dxc5 {seems wilder.} Qxd1+ 12. Kxd1 Bxc5 13. Bf3 Nc6 14. Bxc6+ bxc6 15. Ke2) 11... Nc6 12. Bxc6+ bxc6 13. dxc5 Bxc5 14. Qxd8+ Rxd8 15. Ke2 Ke7 16. Bd2 Bd6 $146 17. h3 Rb8 18. b3 Ba3 19. Bc1 Bb4 20. Bb2 Rhd8 21. Rhc1 Rbc8 22. Rc2 Bxc3 23. Bxc3 Ne4 (23... Nd5 $16) 24. Be1 ({Don't do} 24. Bxg7 f6 $16) 24... Rd5 25. Rac1 Kd7 26. f3 Nf6 27. e4 Rb5 28. g4 g5 29. Rd1+ Ke7 30. h4 gxh4 31. Bxh4 Rh8 (31... e5 $16 {is a better defense.} 32. Rcd2 Rc7) 32. Bf2 $18 Rc8 33. Bc5+ Ke8 34. Rh1 Kd7 35. g5 Ne8 36. b4 Kc7 (36... Rd8 $142 37. a3 Kc7) 37. Rh8 Kb8 38. Rf8 Rb7 39. Rc1 Rd7 40. Rh1 ({White should play} 40. Rd1 $18 Rxd1 41. Kxd1) 40... Nc7 $16 41. Rhh8 Rxf8 42. Rxf8+ {[%mdl 4096] Endgame KRB-KRN} Kb7 43. Ke3 (43. f4 $16) 43... e5 $11 44. g6 f6 (44... fxg6 $11 45. Rg8 g5) 45. Rf7 $16 Kc8 {[#]} 46. f4 $1 {[%cal Rf4f5] Hoping for f5.} Ne6 47. f5 (47. fxe5 $16 fxe5 48. Rf5) 47... Nc7 $2 {[%mdl 8192]} (47... Nxc5 $14 48. bxc5 Kc7) 48. a4 $18 Ne8 49. Rf8 Kd8 50. Bb6+ Ke7 51. Rf7+ Kd6 52. Kd3 c5 53. Bxc5+ {White mates.} Kc6+ 54. Rxd7 Kxd7 55. Bf8 {Accuracy: White = 69%, Black = 41%.} 1-0

[Event "Satka Autumn 2019"]
[Site "Satka"]
[Date "2019.09.23"]
[Round "5.2"]
[White "Makarenko, Alexandra"]
[Black "Mironenko, Galina"]
[Result "1/2-1/2"]
[WhiteElo "2169"]
[BlackElo "1982"]
[Annotator "NA"]
[PlyCount "141"]
[EventDate "2019.09.19"]
[EventType "swiss"]
[EventCountry "RUS"]
[SourceTitle "playchess.com"]
[Source "ChessBase"]
[SourceQuality "1"]
[TimeControl "5400+30"]

1. e4 {[%emt 0:00:00]} g6 {[%emt 0:00:00]} 2. d4 {[%emt 0:04:11]} Bg7 {[%emt 0:00:00]} 3. Nc3 {[%emt 0:00:27]} d6 {[%emt 0:00:00]} 4. Be3 {[%emt 0:00:47]} a6 {[%emt 0:00:00]} 5. Qd2 {[%emt 0:01:01]} b5 {[%emt 0:00:06]} 6. f3 {[%emt 0:01:03]} Nd7 {[%emt 0:00:13]} 7. O-O-O {[%emt 0:08:46]} Bb7 {[%emt 0:00:09]} 8. d5 {[%emt 0:03:58]} Rc8 {[%emt 0:06:45]} 9. Nge2 {[%emt 0:03:01]} Ngf6 {[%emt 0:05:53]} 10. Nd4 {[%emt 0:02:25]} O-O {[%emt 0:05:43]} 11. Bh6 {[%emt 0:04:16]} c5 {[%emt 0:06:49]} 12. dxc6 {[%emt 0:04:44]} Bxc6 {[%emt 0:00:08]} 13. h4 {[%emt 0:07:49]} b4 {[%emt 0:07:00]} 14. Nd5 {[%emt 0:07:57]} Bxd5 {[%emt 0:07:41]} 15. exd5 {[%emt 0:01:49]} Qa5 {[%emt 0:07:34]} 16. Kb1 {[%emt 0:22:23]} Bxh6 {[%emt 0:07:52]} 17. Qxh6 {[%emt 0:00:19]} Qxd5 {[%emt 0:00:42]} 18. Be2 {[%emt 0:04:42]} Qc5 {[%emt 0:02:15]} 19. Rd2 {[%emt 0:05:21]} a5 {[%emt 0:10:02]} 20. h5 {[%emt 0:00:40]} Qd5 {[%emt 0:12:53]} 21. Rh3 {[%emt 0:10:54]} Nb6 {[%emt 0:08:11]} 22. g4 {[%emt 0:00:49]} Nc4 {[%emt 0:00:37]} 23. Rd1 {[%emt 0:00:42]} Qc5 {[%emt 0:04:47]} 24. hxg6 {[%emt 0:01:36]} fxg6 {[%emt 0:00:07]} 25. f4 {[%emt 0:01:22]} Rf7 {[%emt 0:02:03]} 26. f5 {[%emt 0:00:43]} Ne5 {[%emt 0:01:58]} 27. fxg6 {[%emt 0:00:30]} Nxg6 {[%emt 0:00:27]} 28. Qd2 {[%emt 0:01:14]} Ne4 {[%emt 0:00:36]} 29. Qe3 {[%emt 0:00:29]} Nf2 {[%emt 0:00:58]} 30. Rhh1 {[%emt 0:00:28]} Nxh1 {[%emt 0:00:53]} 31. Rxh1 {[%emt 0:00:30]} e5 {[%emt 0:00:28]} 32. Nf5 {[%emt 0:00:18]} Qxe3 {[%emt 0:01:21]} 33. Nxe3 {[%emt 0:00:02]} Rf2 {[%emt 0:00:28]} 34. Bd3 {[%emt 0:00:17]} Rc7 {[%emt 0:01:16]} 35. g5 {[%emt 0:01:01]} Rc5 {[%emt 0:00:55]} 36. Ng4 {[%emt 0:00:10]} Rf4 {[%emt 0:00:31]} 37. Nf6+ {[%emt 0:00:21]} Rxf6 {[%emt 0:00:18]} 38. gxf6 {[%emt 0:00:05]} d5 {[%emt 0:00:40]} 39. Bf5 {[%emt 0:01:42]} Rc6 {[%emt 0:00:18]} 40. f7+ {[%emt 0:00:00]} Kxf7 {[%emt 0:00:00]} 41. Rxh7+ {[%emt 0:00:00]} Kf6 {[%emt 0:00:00]} 42. Bxg6 {[%emt 0:00:00]} Kxg6 {[%emt 0:00:00]} 43. Rd7 {[%emt 0:00:00]} Rc5 {[%emt 0:00:00]} 44. Kc1 {[%emt 0:00:00]} Kf5 {[%emt 0:00:00]} 45. Kd2 {[%emt 0:00:00]} Ke4 {[%emt 0:00:00]} 46. Rh7 {[%emt 0:00:00]} d4 {[%emt 0:00:00]} 47. Rh4+ {[%emt 0:00:00]} Kd5 {[%emt 0:00:00]} 48. Rh8 {[%emt 0:00:00]} Rb5 {[%emt 0:00:00]} 49. Rd8+ {[%emt 0:00:00]} Ke4 {[%emt 0:00:00]} 50. Ra8 {[%emt 0:00:00]} Rc5 {[%emt 0:00:00]} 51. Ra7 {[%emt 0:00:00]} Kd5 {[%emt 0:00:00]} 52. Ra8 {[%emt 0:00:00]} Ke4 {[%emt 0:00:00]} 53. Ra7 {[%emt 0:00:00]} Rd5 {[%emt 0:00:00]} 54. Ke2 {[%emt 0:00:00]} Rc5 {[%emt 0:00:00]} 55. Kd2 {[%emt 0:00:00]} Kd5 {[%emt 0:00:00]} 56. Ra8 {[%emt 0:00:23]} e4 {[%emt 0:00:00]} 57. Rd8+ {[%emt 0:00:04]} Ke5 {[%emt 0:00:00]} 58. Re8+ {[%emt 0:00:46]} Kf4 {[%emt 0:00:00]} 59. Rd8 {[%emt 0:01:28]} Rh5 {[%emt 0:00:12]} 60. Rf8+ {[%emt 0:00:56]} Rf5 {[%emt 0:00:36]} 61. Re8 {[%emt 0:03:58]} Kf3 {[%emt 0:01:01]} 62. Re7 {[%emt 0:01:29]} Rf4 {[%emt 0:00:42]} 63. c4 {[%emt 0:03:01]} Kf2 {[%emt 0:06:05]} 64. c5 {[%emt 0:00:25]} Kf1 {[%emt 0:00:54]} 65. c6 {[%emt 0:00:16]} Rf2+ {[%emt 0:00:41]} 66. Kc1 {[%emt 0:00:47]} d3 {[%emt 0:02:59]} 67. Rxe4 {[%emt 0:00:26]} Rc2+ {[%emt 0:00:12]} 68. Kd1 {[%emt 0:00:26]} Rxc6 {[%emt 0:00:13]} 69. Re3 {[%emt 0:00:28]} Rc2 {[%emt 0:00:20]} 70. Rf3+ {[%emt 0:00:10]} Kg1 {[%emt 0:00:34]} 71. Rxd3 {[%emt 0:00:46]} 1/2-1/2

[Event "Satka Autumn 2019"]
[Site "Satka"]
[Date "2019.09.23"]
[Round "5.3"]
[White "Mirzaeva, Gulnara"]
[Black "Charochkina, Daria"]
[Result "0-1"]
[WhiteElo "1936"]
[BlackElo "2360"]
[Annotator "TA"]
[PlyCount "88"]
[EventDate "2019.09.19"]
[EventType "swiss"]
[EventCountry "RUS"]
[SourceTitle "playchess.com"]
[Source "ChessBase"]
[SourceQuality "1"]

{[%evp 9,88,4,28,28,13,16,36,15,8,0,9,0,22,12,78,17,68,-31,-19,-18,28,-25,-22,-23,-33,-87,-69,-105,-82,-94,-64,-134,-133,-163,-149,-177,-172,-177,-165,-262,-261,-241,-238,-242,-246,-247,-239,-237,-217,-259,-239,-459,-444,-453,-456,-448,-442,-458,-468,-919,-895,-1025,-1029,-938,-908,-2473,-1609,-5695,-5629,-5827,-5790,-29977,-29978,-29978,-29978,-29968,-29969,-29980,-29981,-29984,-29984]} 1. e4 d5 2. exd5 Qxd5 3. Nc3 Qd6 4. d3 (4. d4 Nf6 5. Nf3 g6 6. Nb5 Qd8 7. c4 c6 8. Nc3 Bg4 9. Be2 Bg7 10. h3 Bxf3 11. Bxf3 Nbd7 12. O-O O-O 13. Re1 {1-0 (41) Caruana,F (2819)-Nakamura,H (2754) Paris 2019}) 4... g6 5. Be3 $146 ({Predecessor:} 5. g3 Bg7 6. Bg2 Nh6 7. Be3 Nf5 8. Qd2 c6 9. Rb1 Nd7 10. Nge2 e5 11. O-O O-O {0-1 (29) Salcedo Izquierdo,R (1430)-Gonzalez Intelangelo,G (1987) Gran Canaria 2015}) 5... a6 6. Qd2 {B01: Scandinavian Defence} Bg7 7. Nf3 Nf6 8. Bf4 {White is slightly better.} Qb6 9. Be2 Qxb2 10. O-O Qb6 11. Rab1 Qa7 {[#]} (11... Qa5 $11 {remains equal.}) 12. Be3 (12. Ne5 $1 $16) 12... b6 (12... c5 $1 $11) 13. Ne4 (13. Bh6 $1 $14 Bxh6 14. Qxh6) 13... Nxe4 14. dxe4 c5 15. Bh6 (15. Bc4 $142) 15... O-O $1 $11 16. Bxg7 Kxg7 17. Nh4 ({Better is} 17. c4 $15) 17... Nc6 $17 {[%cal Bb8c6,Bc6d4,Bd4e2][%mdl 32]} 18. f4 f6 19. e5 Qc7 20. exf6+ ({White should play} 20. c3 $15) 20... exf6 21. Rfd1 Nd4 22. Nf3 Nxe2+ 23. Qxe2 b5 24. Qe4 (24. Qe3 $142) 24... Bf5 $19 25. Qe2 Qxf4 26. Qe7+ Rf7 27. Qxc5 Rc8 28. Qd4 Qc7 29. Re1 Qxc2 30. Rbc1 $2 (30. Rb2 Qc5 31. Qxc5 Rxc5 32. Nd4) 30... Qxc1 31. Rxc1 Rxc1+ 32. Kf2 Rd7 33. Qf4 Rc2+ 34. Ke1 (34. Kg3 $142) 34... Rxg2 35. Nh4 Re7+ 36. Kf1 Rg5 37. a4 Bd3+ 38. Kf2 {[#]} Re4 $1 39. Qc7+ Kh6 40. Qc3 Rxh4 {Black mates.} 41. Qxd3 Rxh2+ 42. Kf1 Rf5+ 43. Kg1 Rh4 44. Qd1 Rg4+ {Accuracy: White = 19%, Black = 67%.} 0-1

[Event "Satka Autumn 2019"]
[Site "Satka"]
[Date "2019.09.23"]
[Round "5.4"]
[White "Lebedeva, Ulyana"]
[Black "Schepetkova, Margarita"]
[Result "0-1"]
[WhiteElo "1660"]
[BlackElo "2194"]
[Annotator "NA"]
[PlyCount "96"]
[EventDate "2019.09.19"]
[EventType "swiss"]
[EventCountry "RUS"]
[SourceTitle "playchess.com"]
[Source "ChessBase"]
[SourceQuality "1"]
[TimeControl "5400+30"]

1. d4 {[%emt 0:00:00]} Nf6 {[%emt 0:00:00]} 2. Nf3 {[%emt 0:00:00]} e6 {[%emt 0:00:00]} 3. e3 {[%emt 0:00:00]} b6 {[%emt 0:00:22]} 4. b3 {[%emt 0:00:47]} d5 {[%emt 0:00:37]} 5. Bb2 {[%emt 0:00:16]} Bd6 {[%emt 0:00:35]} 6. Bd3 {[%emt 0:02:21]} O-O {[%emt 0:00:43]} 7. O-O {[%emt 0:00:19]} Ne4 {[%emt 0:00:21]} 8. Nbd2 {[%emt 0:02:09]} Bb7 {[%emt 0:00:57]} 9. Qe2 {[%emt 0:04:50]} Nd7 {[%emt 0:00:46]} 10. Ne5 {[%emt 0:02:28]} Nxd2 {[%emt 0:07:22]} 11. Qxd2 {[%emt 0:00:20]} f6 {[%emt 0:04:19]} 12. Nxd7 {[%emt 0:00:33]} Qxd7 {[%emt 0:00:03]} 13. f4 {[%emt 0:02:47]} Kh8 {[%emt 0:03:12]} 14. Qe2 {[%emt 0:01:55]} f5 {[%emt 0:01:14]} 15. Rf3 {[%emt 0:01:23]} Rf6 {[%emt 0:00:27]} 16. Rh3 {[%emt 0:01:48]} Rg8 {[%emt 0:06:27]} 17. Rg3 {[%emt 0:08:33]} Rh6 {[%emt 0:02:24]} 18. Rg5 {[%emt 0:16:07]} Qf7 {[%emt 0:06:15]} 19. Rf1 {[%emt 0:14:11]} Bc6 {[%emt 0:01:15]} 20. Bb5 {[%emt 0:10:48]} Bxb5 {[%emt 0:00:10]} 21. Qxb5 {[%emt 0:00:21]} Rh4 {[%emt 0:00:23]} 22. Bc3 {[%emt 0:04:09]} h6 {[%emt 0:02:54]} 23. Rg3 {[%emt 0:03:18]} g5 {[%emt 0:00:58]} 24. Be1 {[%emt 0:01:42]} g4 {[%emt 0:05:38]} 25. c4 {[%emt 0:08:48]} Qh5 {[%emt 0:01:46]} 26. cxd5 {[%emt 0:04:28]} Rxh2 {[%emt 0:07:14]} 27. dxe6 {[%emt 0:00:36]} Be7 {[%emt 0:02:04]} 28. Qe5+ {[%emt 0:01:41]} Rg7 {[%emt 0:00:17]} 29. d5 {[%emt 0:02:38]} Kh7 {[%emt 0:08:49]} 30. Bc3 {[%emt 0:00:45]} Rg8 {[%emt 0:00:02]} 31. Qxc7 {[%emt 0:00:56]} Qh4 {[%emt 0:00:21]} 32. d6 {[%emt 0:04:04]} Rg7 {[%emt 0:00:02]} 33. Bxg7 {[%emt 0:00:26]} Rh1+ {[%emt 0:13:07]} 34. Kf2 {[%emt 0:00:24]} Qxg3+ {[%emt 0:00:02]} 35. Ke2 {[%emt 0:00:29]} Qxg2+ {[%emt 0:00:31]} 36. Rf2 {[%emt 0:00:04]} Qg1 {[%emt 0:00:02]} 37. Qc2 {[%emt 0:00:30]} Qe1+ {[%emt 0:00:12]} 38. Kd3 {[%emt 0:00:11]} Bxd6 {[%emt 0:00:21]} 39. Be5 {[%emt 0:01:29]} Qb4 {[%emt 0:04:18]} 40. Bd4 {[%emt 0:00:00]} Qb5+ {[%emt 0:00:00]} 41. Kc3 {[%emt 0:00:00]} Ba3 {[%emt 0:00:00]} 42. Kd2 {[%emt 0:00:00]} Bb4+ {[%emt 0:00:00]} 43. Bc3 {[%emt 0:00:00]} Qd5+ {[%emt 0:00:00]} 44. Ke2 {[%emt 0:00:00]} Bxc3 {[%emt 0:00:00]} 45. Rf1 {[%emt 0:00:00]} Rh2+ {[%emt 0:00:00]} 46. Rf2 {[%emt 0:00:00]} Qf3+ {[%emt 0:00:00]} 47. Kd3 {[%emt 0:00:00]} Rxf2 {[%emt 0:00:00]} 48. Qxc3 {[%emt 0:00:00]} Qe4# {[%emt 0:00:00]} 0-1

[Event "Satka Autumn 2019"]
[Site "Satka"]
[Date "2019.09.23"]
[Round "5.5"]
[White "Nosacheva, Mariya"]
[Black "Petrukhina, Olga"]
[Result "1-0"]
[WhiteElo "2193"]
[BlackElo "2192"]
[Annotator "NA"]
[PlyCount "123"]
[EventDate "2019.09.19"]
[EventType "swiss"]
[EventCountry "RUS"]
[SourceTitle "playchess.com"]
[Source "ChessBase"]
[SourceQuality "1"]
[TimeControl "5400+30"]

1. e4 {[%emt 0:00:00]} c6 {[%emt 0:00:00]} 2. d4 {[%emt 0:00:00]} d5 {[%emt 0:00:00]} 3. e5 {[%emt 0:00:00]} Bf5 {[%emt 0:00:00]} 4. h4 {[%emt 0:00:08]} h6 {[%emt 0:00:00]} 5. g4 {[%emt 0:04:37]} Bd7 {[%emt 0:00:06]} 6. h5 {[%emt 0:00:36]} c5 {[%emt 0:05:16]} 7. c3 {[%emt 0:00:14]} Nc6 {[%emt 0:01:48]} 8. Na3 {[%emt 0:05:01]} cxd4 {[%emt 0:04:29]} 9. cxd4 {[%emt 0:00:45]} Qb6 {[%emt 0:00:07]} 10. Nc2 {[%emt 0:00:41]} Rc8 {[%emt 0:09:20]} 11. Be2 {[%emt 0:01:25]} Nb4 {[%emt 0:10:22]} 12. Ne3 {[%emt 0:00:25]} e6 {[%emt 0:01:19]} 13. f4 {[%emt 0:05:23]} Bb5 {[%emt 0:07:30]} 14. a3 {[%emt 0:11:48]} Nc6 {[%emt 0:08:39]} 15. Nf3 {[%emt 0:00:07]} Bxe2 {[%emt 0:01:48]} 16. Kxe2 {[%emt 0:00:06]} Nge7 {[%emt 0:10:36]} 17. f5 {[%emt 0:10:46]} Qb5+ {[%emt 0:12:03]} 18. Kf2 {[%emt 0:00:28]} Na5 {[%emt 0:00:45]} 19. b4 {[%emt 0:19:53]} Nc4 {[%emt 0:00:41]} 20. Qd3 {[%emt 0:00:08]} Qd7 {[%emt 0:12:17]} 21. fxe6 {[%emt 0:04:03]} fxe6 {[%emt 0:03:13]} 22. Ng2 {[%emt 0:00:32]} Kd8 {[%emt 0:02:11]} 23. Nf4 {[%emt 0:07:58]} Kc7 {[%emt 0:00:15]} 24. Kg3 {[%emt 0:01:23]} Kb8 {[%emt 0:00:06]} 25. Ra2 {[%emt 0:00:22]} Nc6 {[%emt 0:03:04]} 26. Rf2 {[%emt 0:02:06]} Be7 {[%emt 0:01:55]} 27. Qg6 {[%emt 0:03:24]} Nd8 {[%emt 0:02:28]} 28. Kg2 {[%emt 0:03:52]} Rg8 {[%emt 0:01:36]} 29. Rhf1 {[%emt 0:00:15]} Nb6 {[%emt 0:01:35]} 30. Qh7 {[%emt 0:03:10]} Qe8 {[%emt 0:00:32]} 31. Ng6 {[%emt 0:03:51]} Nc6 {[%emt 0:00:36]} 32. Rc2 {[%emt 0:10:46]} Nc4 {[%emt 0:00:12]} 33. Nf4 {[%emt 0:01:39]} Bg5 {[%emt 0:00:10]} 34. Nxg5 {[%emt 0:00:16]} hxg5 {[%emt 0:00:01]} 35. Ne2 {[%emt 0:00:12]} Qe7 {[%emt 0:01:46]} 36. Qg6 {[%emt 0:00:06]} Rcf8 {[%emt 0:00:33]} 37. Bxg5 {[%emt 0:00:31]} Qd7 {[%emt 0:00:35]} 38. Ra1 {[%emt 0:01:00]} Rh8 {[%emt 0:00:21]} 39. b5 {[%emt 0:00:24]} N6a5 {[%emt 0:00:13]} 40. a4 {[%emt 0:00:00]} Rf7 {[%emt 0:00:00]} 41. Rf1 {[%emt 0:00:00]} Rxf1 {[%emt 0:00:00]} 42. Kxf1 {[%emt 0:00:00]} Rf8+ {[%emt 0:00:00]} 43. Kg2 {[%emt 0:00:00]} Nb6 {[%emt 0:00:00]} 44. Nf4 {[%emt 0:00:00]} Re8 {[%emt 0:00:00]} 45. Qd3 {[%emt 0:00:00]} Nac4 {[%emt 0:00:00]} 46. Ra2 {[%emt 0:00:00]} Nxa4 47. Rxa4 {[%emt 0:00:00]} Nb2 {[%emt 0:01:48]} 48. Qb3 {[%emt 0:00:00]} Nxa4 {[%emt 0:00:02]} 49. Qxa4 {[%emt 0:00:00]} a6 {[%emt 0:02:03]} 50. Nd3 {[%emt 0:00:00]} axb5 {[%emt 0:01:19]} 51. Qb4 {[%emt 0:00:00]} b6 {[%emt 0:00:31]} 52. Qd6+ {[%emt 0:00:00]} Qc7 {[%emt 0:00:07]} 53. Kf3 {[%emt 0:00:00]} Kb7 {[%emt 0:00:13]} 54. Qxc7+ {[%emt 0:00:00]} Kxc7 {[%emt 0:00:01]} 55. Bf6 {[%emt 0:01:22]} Rf8 {[%emt 0:02:06]} 56. Nf4 {[%emt 0:00:04]} Rf7 {[%emt 0:00:42]} 57. Nxe6+ {[%emt 0:00:26]} Kd7 {[%emt 0:00:01]} 58. Nxg7 {[%emt 0:00:22]} Rf8 {[%emt 0:00:43]} 59. Ke2 {[%emt 0:00:29]} b4 {[%emt 0:00:05]} 60. Kd2 {[%emt 0:00:51]} Rc8 {[%emt 0:00:25]} 61. e6+ {[%emt 0:00:07]} Kd6 {[%emt 0:00:07]} 62. e7 {[%emt 0:00:05]} 1-0

[Event "Satka Autumn 2019"]
[Site "Satka"]
[Date "2019.09.23"]
[Round "5.6"]
[White "Borisova, Ekaterina"]
[Black "Svetlova, Ksenia"]
[Result "1-0"]
[WhiteElo "2307"]
[BlackElo "1875"]
[Annotator "NA"]
[PlyCount "47"]
[EventDate "2019.09.19"]
[EventType "swiss"]
[EventCountry "RUS"]
[SourceTitle "playchess.com"]
[Source "ChessBase"]
[SourceQuality "1"]
[TimeControl "5400+30"]

1. Nf3 {[%emt 0:00:00]} c5 {[%emt 0:00:00]} 2. c4 {[%emt 0:00:00]} Nf6 {[%emt 0:00:00]} 3. g3 {[%emt 0:00:11]} d5 {[%emt 0:00:00]} 4. d4 {[%emt 0:00:24]} cxd4 {[%emt 0:01:05]} 5. Nxd4 {[%emt 0:00:46]} Nc6 {[%emt 0:01:50]} 6. Bg2 {[%emt 0:01:11]} Qb6 {[%emt 0:02:49]} 7. Nxc6 {[%emt 0:06:37]} bxc6 {[%emt 0:00:07]} 8. Nc3 {[%emt 0:00:07]} e6 {[%emt 0:01:55]} 9. O-O {[%emt 0:00:19]} Ba6 {[%emt 0:04:08]} 10. cxd5 {[%emt 0:05:04]} exd5 {[%emt 0:06:51]} 11. Be3 {[%emt 0:04:29]} Qa5 {[%emt 0:16:42]} 12. a3 {[%emt 0:02:54]} Bc4 {[%emt 0:02:38]} 13. Bd4 {[%emt 0:02:26]} Be7 {[%emt 0:00:07]} 14. b3 {[%emt 0:00:40]} Ba6 {[%emt 0:02:57]} 15. b4 {[%emt 0:00:28]} Qd8 {[%emt 0:00:20]} 16. Qa4 {[%emt 0:06:39]} Bb7 {[%emt 0:00:24]} 17. e4 {[%emt 0:14:19]} O-O {[%emt 0:01:34]} 18. Rfd1 {[%emt 0:02:16]} Qc8 {[%emt 0:05:06]} 19. Rac1 {[%emt 0:01:25]} Qg4 {[%emt 0:01:47]} 20. h3 {[%emt 0:00:56]} Qg6 {[%emt 0:02:48]} 21. exd5 {[%emt 0:05:08]} Nxd5 {[%emt 0:00:57]} 22. Nxd5 {[%emt 0:00:58]} cxd5 {[%emt 0:00:08]} 23. Qd7 {[%emt 0:00:05]} Bg5 {[%emt 0:00:31]} 24. f4 {[%emt 0:06:48]} 1-0